Normal view
MARC view
Entry Personal Name
001 - CONTROL NUMBER
- control field: 1235925
003 - CONTROL NUMBER IDENTIFIER
- control field: OSt
005 - DATE AND TIME OF LATEST TRANSACTION
- control field: 20260428171328.0
008 - FIXED-LENGTH DATA ELEMENTS
- fixed length control field: 260428|| aca||aabn | a|a d
040 ## - CATALOGING SOURCE
- Original cataloging agency: OSt
- Transcribing agency: OSt
100 ## - HEADING--PERSONAL NAME
- Personal name: Andrea Duffy
670 ## - SOURCE DATA FOUND
- Source citation: Work cat.: (OSt)1848623: Andrea Duffy, The Nature of Empire : Modern Imperialism and the Roots of the Anthropocene, 2026
